Quizzes
Events
Quiz Creation
Community
Videos
Private Events
Remove Ads
Sign In
Join for FREE
Feedback
Dark Mode
Quiz Categories
Sports
Geography
Music
Movies
Television
Just For Fun
Miscellaneous
History
Literature
Language
Science
Gaming
Entertainment
Religion
Holiday
For Kids
Quiz Lab
Recent
Popular Today
Quiz Kudos Today
Editor Picks
Curator Picks
Quizzes by...
Day
Popularity
Type
Ratings
Length
Year
Community
Subscriptions
Recent Discussions
Orange Saloon
Badges
Playlists
Quests
Create
Leaderboards
Showdown
Live 5
Trivia Bingo
Activity
Puzzle Library
Sporcle Events
Private Events
Virtual Trivia
Globe League
Become a Host
Pub Owners
SporcleCon
Opinionation
Our Games
Videos
Blog
Mobile Apps
Partnerships
Remove Ads and Go Orange
Feedback
Geography
Country
Landmarks
City
State
Population
World
Capital
Continent
Flags
Europe
Africa
Asia
South America
North America
Oceania
Border
Canada
United Kingdom
Topography
United States
Geography
Country
Landmarks
City
State
Population
World
Capital
Continent
Flags
Europe
Africa
Asia
South America
North America
Oceania
Border
Canada
United Kingdom
Topography
United States
Random Quiz
Search Sporcle
×
Quiz Lab
Quiz Lab
Geography
Country
Type in answers that appear in a list
Type in answers that appear in a list
Classic
Best Score? Go Orange.
Modern Countries of The Ottoman Empire Stats
Can you name the modern modern countries that were once part of the Ottoman Empire?
By
WonderlandOpera
10m
34 Questions
873 Plays
873 Plays
873 Plays
Comments
Comments
Give Quiz Kudos
Give Quiz Kudos
-
- Ratings
hide this ad
More Info
Random Order
Randomize order of answers
Randomize order of answers
Replay
Link that replays current quiz
Next Quiz
Link to next quiz in quiz playlist
You Got
0%
They Got
Avg Score
72%
Avg Friend Score
Upgrade to see
Score Distribution
Jump to the score distribution portion of the page
Score
0/34
Timer
10:00
0
Plays Today
% Correct
Republic of Turkey
98.2%
Western Armenia
93.7%
Greece
89%
Arab Republic of Egypt
85.7%
State of Israel
84.3%
Syrian Arab Republic
83.4%
Republic of Serbia
82.1%
The Kingdom of Saudi Arabia
81.6%
Bulgaria
81.2%
Romania
80.9%
Georgia
79.2%
Republic of Macedonia
78%
Republic of Albania
77.5%
Republic of Croatia
77.1%
Libya
76.9%
Republic of Lebanon
76.9%
Hashemite Kingdom of Jordan
76.5%
% Correct
Republic of Yemen
76.4%
Bosnia and Hezegovina
76.1%
People's Democratic Republic of Algeria
75.7%
Republic of Hungary
74.2%
Sultanate of Oman
74.2%
Tunisian Republic
73.5%
Republic of Cyprus
72.7%
Ukraine
72.1%
Republic of Azerbaijan
71.8%
Montenegro
70.6%
Principality of Moldavia
69.5%
Sudan
69.1%
State of Qatar
63.7%
State of Eritrea
51.3%
Somaliland
51%
Autonomous Republic of Crimea
3.3%
Republic of Abkhazia
2.4%
Quiz Playlist
Details
Report
Send in Message
Add To Playlist
More Info:
Hint: This includes tributary and vassal states
Classic:
Type in answers that appear in a list
Random Order:
Randomize order of answers
Last Updated: Feb 16, 2017
Quiz Scoreboard
CHALLENGE
Sign Up to Join the Scoreboard
Show All
Scores
Hide
Comments
May contain spoilers
Recently Published
College Basketball Coaching Resumes
by pancakes188
Sports
9m
Billboard Blitz: Fleetwood Mac
by CooCooCachoo
Music
15s
Presidents Visiting Landmarks
by Hejman
History
7m
More to Explore
Quiz From the Vault
Featured Blog Post
Where Did the Easter Bunny Come From?
hide this ad
You Might Also Like...
Tags
Country Quiz
Modern
Modern-day
Ottoman
Ottoman Empire
Today's Top Quizzes in Geography
Browse Geography
hide this ad
Today's Top Quizzes in Country
Browse Country
Top Contributed Quizzes in Geography
1
Countries of the World - No Outlines Minefield
2
Top 25 Cities of France on a map
3
Any capital of a 'B' country per Continent
4
Any capital of a 'C' country per Continent
5
Closest Countries to UK A-Z
6
Any capital of a 'D' country per Continent
7
5-to-1: US Geography No Hints
8
Any capital of an 'E' country per Continent
9
One Thing in Common: United Kingdom
10
Click the Alabama Counties! (Map)
Explore More
Trending Topics
NBA
Crossword
Anime
Kpop
Harry Potter
Marvel
Disney
NFL
Country
Soccer
The Office
Song
Puzzle
WWE
Pokémon
hide this ad
More By:
WonderlandOpera
Quiz
Plays
Rating
Category
Featured
Created
Modern Countries of The Ottoman Empire
873
1.71
Geography
Sep 9, 2010
Novels by Their Characters
306
2.83
Literature
Sep 9, 2010
Go to Creator's Profile
Score Distribution
Quiz Creator Spotlight
WonderlandOpera
Follow
Send a Message
Quizzes Created
-
Created Quiz Play Count
-
More By This Creator
Popular Quizzes Today
1
Find the US States - No Outlines Minefield
2
Find the Countries of Europe - No Outlines Minefield
3
The Countries of the World
4
Find the US States
5
Risky Map Clicking: Biggest States A-Z
6
US States
7
Popular People in 1961
8
Movies - When Are They Set?
More Geography Quizzes
State Quiz: New York
Published
Trending Quizzes
Risky Map Clicking: Least Populous States A-Z
1-10 Letter G Words
1-10 Letter F Words
Risky Map Clicking: Next State Alphabetically
Click the Washington State Counties! (Map)
Recently Updated
Leaping Animals
pecheneg
Reality TV Shows (A-Z)
bhenderson79
Rickey Henderson's Hall of Fame Teammates
pecheneg
Champions League XIs: Arsenal
pecheneg
Quick Pick: Celebrities in WWE's Hall of Fame
aduchscher
A-Z Keypad Blitz II
pecheneg
Multiple Oscar Actors
pecheneg
Mystery Phrase Blitz: Oscar 'Best Actors'
pecheneg
F. Scott Fitzgerald Novels
LTH
Pick 3 Villains
ddd62291
Trending Topics
NBA
Anime
Crossword
Marvel
Kpop
Disney
Harry Potter
Song
Soccer
The Office
NFL
Pokémon
WWE
Puzzle
Country
Your Account Isn't Verified!
In order to create a playlist on Sporcle, you need to verify the email address you used during registration. Go to your
Sporcle Settings
to finish the process.
Report this User
Report this user for behavior that violates our
Community Guidelines
.
Details:
Send Report
Go to the Sporcle.com Mobile Site →
Comments